| 000 | 00587nam a2200181 i 4500 | ||
|---|---|---|---|
| 001 | 41130 | ||
| 003 | ES-MaACL | ||
| 005 | 20230906160358.0 | ||
| 007 | t| | ||
| 008 | 030310q19001999fr ||||1| spa d | ||
| 100 | 1 |
_aCapus, Alfred. _934916 |
|
| 245 | 1 | 0 |
_aQuien pierde gana / _cAlfred Capus ; versión castellana por Miguel de Toro y Gisbert ; dibujos de René Lelong. |
| 260 |
_aParis : _b[s.n., _c19--?] ( _eEvreux : _fCharles Herisey) |
||
| 300 |
_a332 p. ; _c17 cm. |
||
| 700 | 1 |
_aToro y Gisbert, Miguel de. _9141153 |
|
| 700 | 1 |
_aLelong, René. _971437 |
|
| 852 |
_aES-MaACL _jD-1460 |
||
| 999 |
_c41130 _d41130 |
||